Numerical Control and Computer Aided Manufacturing (Record no. 156337)

MARC details
000 -LEADER
fixed length control field 00462nam a2200181Ia 4500
008 - FIXED-LENGTH DATA ELEMENTS--GENERAL INFORMATION
fixed length control field 240823s9999||||xx |||||||||||||| ||und||
082 ## - DEWEY DECIMAL CLASSIFICATION NUMBER
-- 005.131 N0
100 ## - MAIN ENTRY--PERSONAL NAME
Personal name Kundra T K [etal]
245 #0 - TITLE STATEMENT
Title Numerical Control and Computer Aided Manufacturing
250 ## - EDITION STATEMENT
Edition statement 1st
260 ## - PUBLICATION, DISTRIBUTION, ETC. (IMPRINT)
Date of publication, distribution, etc 1990
Name of publisher, distributor, etc "TMH,New Delhi"
500 ## - GENERAL NOTE
General note ISSUED
650 ## - SUBJECT ADDED ENTRY--TOPICAL TERM
Topical term or geographic name as entry element Computer Science
942 ## - ADDED ENTRY ELEMENTS (KOHA)
Item type Books
Holdings
Withdrawn status Lost status Damaged status Permanent location Current location Date acquired Source of acquisition Cost, normal purchase price Full call number Barcode Date last seen Koha item type
      CENTRAL LIBRARY, NOORUL ISLAM CENTRE FOR HIGHER EDUCATION CENTRAL LIBRARY, NOORUL ISLAM CENTRE FOR HIGHER EDUCATION 05/09/2003 Modern Book Centre 72.00 005.131 N0 1197 08/23/2024 Books
Visitors:
Copyright © 2024 Central Library NICHE.  All rights reserved.